The boy done good: football violence, changes and continuities

Gespeichert in:  
Bibliographische Detailangaben
VerfasserInnen: Hobbs, Dick (Verfasst von) ; Robins, David (Verfasst von)
Medienart: Druck Aufsatz
Sprache:Englisch
Veröffentlicht: 1991
In: The sociological review
Jahr: 1991, Band: 39, Heft: 3, Seiten: 551-579
Verfügbarkeit prüfen: HBZ Gateway
Schlagwörter:

MARC

LEADER 00000caa a22000002c 4500
001 1640059571
003 DE-627
005 20240813204259.0
007 tu
008 160223s1991 xx ||||| 00| ||eng c
035 |a (DE-627)1640059571 
035 |a (DE-576)456042881 
035 |a (DE-599)BSZ456042881 
040 |a DE-627  |b ger  |c DE-627  |e rakwb 
041 |a eng 
100 1 |a Hobbs, Dick  |4 aut 
245 1 4 |a The boy done good  |b football violence, changes and continuities  |c Dick Hobbs, David Robins 
264 1 |c 1991 
336 |a Text  |b txt  |2 rdacontent 
337 |a ohne Hilfsmittel zu benutzen  |b n  |2 rdamedia 
338 |a Band  |b nc  |2 rdacarrier 
650 4 |a Fußball 
650 4 |a Hooligans 
700 1 |a Robins, David  |4 aut 
773 0 8 |i In  |t The sociological review  |d London : Sage Publications Ltd, 1908  |g 39(1991), 3, Seite 551-579  |w (DE-627)129509612  |w (DE-600)209926-3  |w (DE-576)014916339  |x 0038-0261  |7 nnas 
773 1 8 |g volume:39  |g year:1991  |g number:3  |g pages:551-579 
889 |w (DE-576)456068929 
889 |w (DE-627)1526068923 
935 |a mkri 
951 |a AR 
ELC |b 1 
LOK |0 000 xxxxxcx a22 zn 4500 
LOK |0 001 3301334857 
LOK |0 003 DE-627 
LOK |0 004 1640059571 
LOK |0 005 20240813160312 
LOK |0 008 160208||||||||||||||||ger||||||| 
LOK |0 040   |a DE-21-110  |c DE-627  |d DE-21-110 
LOK |0 852   |z Kein Bestand am IfK; Nachweis für KrimDok 
LOK |0 852   |a DE-21-110 
LOK |0 852 1  |m v  |9 00 
LOK |0 935   |a k110 
LOK |0 938   |k v 
LOK |0 939   |a 08-02-16  |b l01 
ORI |a SA-MARC-krimdoka001.raw